Statistiche per I paesi più popolosi bagnati dall'Oceano Pacifico

Clicka qui per fare il quiz!

Statistiche generali

  • Questo quiz è stato fatto 1.533 volte
  • Il punteggio medio è 12 su 15

Statistiche sulle risposte

PopolazioneNazione% Corretto
339 mStati Uniti
98%
1425 mCina
97%
123 mGiappone
92%
38 mCanada
91%
128 mMessico
89%
144 mRussia
88%
277 mIndonesia
82%
51 mCorea del Sud
75%
117 mFilippine
72%
98 mVietnam
68%
26 mCorea del Nord
67%
34 mPerù
65%
34 mMalesia
63%
71 mThailandia
62%
52 mColombia
61%

Distribuzione punteggi

Percentile per numero di risposta

Percentuale di utenti per punteggio

I tuoi punteggi nel tempo

Non hai fatto questo quiz